Visualizzazione normale
Vista MARC
- Di Vicinio, Maria Maddalena
di Personal Name
Records bibliografici associati: 1
001 - CONTROL NUMBER
- control field: 60841
003 - CONTROL NUMBER IDENTIFIER
- control field:
005 - DATE AND TIME OF LATEST TRANSACTION
- control field: 20240628092652.0
008 - FIXED-LENGTH DATA ELEMENTS
- fixed length control field: 240628|| aca||aabn | a|a d
040 ## - CATALOGING SOURCE
- Original cataloging agency:
- Transcribing agency:
100 ## - HEADING--PERSONAL NAME
- Personal name: Di Vicinio, Maria Maddalena
670 ## - SOURCE DATA FOUND
- Source citation: Work cat.: ()360161: Harrington, Daniel J., s.j., 1940-2014 60840, Vangelo secondo Matteo /, 1992.